MyGZULibrary

Language in society : (Record no. 4488)

MARC details
000 -LEADER
fixed length control field 01072pam a2200277 a 4500
001 - CONTROL NUMBER
control field 1105386
003 - CONTROL NUMBER IDENTIFIER
control field GZU
005 - DATE AND TIME OF LATEST TRANSACTION
control field 20210316103805.0
008 - FIXED-LENGTH DATA ELEMENTS--GENERAL INFORMATION
fixed length control field 930727s1994 enkab b 001 0 eng
010 ## - LIBRARY OF CONGRESS CONTROL NUMBER
LC control number 93006055
020 ## - INTERNATIONAL STANDARD BOOK NUMBER
International Standard Book Number 0198751346 (pbk.) :
Terms of availability £6.99
020 ## - INTERNATIONAL STANDARD BOOK NUMBER
International Standard Book Number 0198751338 (cloth) :
Terms of availability £25.00
040 ## - CATALOGING SOURCE
Original cataloging agency DLC
Transcribing agency DLC
Modifying agency DLC
050 00 - LIBRARY OF CONGRESS CALL NUMBER
Classification number P40
Item number .ROM 1994
082 00 - DEWEY DECIMAL CLASSIFICATION NUMBER
Classification number 306.4/4
Edition number 20
100 1# - MAIN ENTRY--PERSONAL NAME
Personal name Romaine, Suzanne,
Dates associated with a name 1951-
245 10 - TITLE STATEMENT
Title Language in society :
Remainder of title an introduction to sociolinguistics /
Statement of responsibility, etc. Suzanne Romaine.
260 ## - PUBLICATION, DISTRIBUTION, ETC.
Place of publication, distribution, etc. Oxford ;
-- New York :
Name of publisher, distributor, etc. Oxford University Press,
Date of publication, distribution, etc. 1994.
300 ## - PHYSICAL DESCRIPTION
Extent xii, 235 p. :
Other physical details ill., maps ;
Dimensions 21 cm.
504 ## - BIBLIOGRAPHY, ETC. NOTE
Bibliography, etc. note Includes bibliographical references and index.
650 #0 - SUBJECT ADDED ENTRY--TOPICAL TERM
Topical term or geographic name entry element Sociolinguistics.
856 42 - ELECTRONIC LOCATION AND ACCESS
Materials specified Publisher description
Uniform Resource Identifier <a href="http://www.loc.gov/catdir/enhancements/fy0639/93006055-d.html">http://www.loc.gov/catdir/enhancements/fy0639/93006055-d.html</a>
906 ## - LOCAL DATA ELEMENT F, LDF (RLIN)
a 7
b cbc
c orignew
d 1
e ocip
f 19
g y-gencatlg
942 ## - ADDED ENTRY ELEMENTS (KOHA)
Source of classification or shelving scheme Library of Congress Classification
Koha item type Books
Classification part 40
Item part ROM
Call number prefix P
Holdings
Withdrawn status Lost status Damaged status Not for loan Collection code Home library Current library Shelving location Date acquired Total Checkouts Full call number Barcode Date last seen Copy number Price effective from Koha item type
        Non-fiction City Campus Library City Campus Library General Stacks 03/16/2021   P40ROM1994 012015 03/16/2021 c.1 03/16/2021 Books
        Non-fiction City Campus Library City Campus Library General Stacks 03/16/2021   P40ROM1994 014914 03/16/2021 c.2 03/16/2021 Books